000 00537nam a2200181 4500
999 _c163840
_d163840
005 20190502114750.0
010 _aENG-125129
020 _c200.00
035 _aEN-108661
037 _bDBAD/PUB
082 _a294.544
100 _aVasantha Sai
245 _aChaitany/
_cVasantha Sai
260 _aMadurai
_bSri Vasanthasai Books & Publications
_c2009
270 _aMukthinilayam, Royapalayam Village B.O
_bMadurai
_e625706
_mmukthinilayam@gmail.com
300 _a331p.
_c21cm(pbk)
942 _2ddc
_cEN
_h294.544
_mVAS